MDQL
is popping MORE tags! Check the
thread
!
Quizzes
Events
Quiz Creation
Community
Videos
Private Events
Remove Ads
Sign In
Join for FREE
Feedback
Dark Mode
Quiz Categories
Sports
Geography
Music
Movies
Television
Just For Fun
Miscellaneous
History
Literature
Language
Science
Gaming
Entertainment
Religion
Holiday
For Kids
Quiz Lab
Recent
Popular Today
Quiz Kudos Today
Editor Picks
Curator Picks
Quizzes by...
Day
Popularity
Type
Ratings
Length
Year
Community
Subscriptions
Recent Discussions
Orange Saloon
Badges
Playlists
Quests
Create
Leaderboards
Showdown
Live 5
Trivia Bingo
Activity
Puzzle Library
Sporcle Events
Private Events
Virtual Trivia
Globe League
Become a Host
Pub Owners
SporcleCon
Opinionation
Our Games
Videos
Blog
Mobile Apps
Partnerships
Remove Ads and Go Orange
Feedback
Geography
Country
Landmarks
City
State
Population
World
Capital
Continent
Flags
Europe
Africa
Asia
South America
North America
Oceania
Border
Canada
United Kingdom
Topography
United States
Geography
Country
Landmarks
City
State
Population
World
Capital
Continent
Flags
Europe
Africa
Asia
South America
North America
Oceania
Border
Canada
United Kingdom
Topography
United States
Random Quiz
Search Sporcle
×
Quiz Lab
Quiz Lab
Geography
Country
Type in answers that appear in a list
Type in answers that appear in a list
Classic
Best Score? Go Orange.
Least Guessed Countries per Continent Stats
Can you name the Least Guessed Countries per Continent?
By
PASSWORD1
5m
30 Questions
283 Plays
283 Plays
283 Plays
Comments
Comments
Give Quiz Kudos
Give Quiz Kudos
-
- Ratings
hide this ad
More Info
Replay
Link that replays current quiz
Next Quiz
Link to next quiz in quiz playlist
You Got
0%
They Got
Avg Score
69%
Avg Friend Score
Upgrade to see
Score Distribution
Jump to the score distribution portion of the page
Score
0/30
Timer
05:00
0
Plays Today
Continent
Country
% Correct
South America
Suriname
91.9%
South America
Guyana
91.5%
South America
Ecuador
88.3%
North America
Saint Kitts and Nevis
86.6%
South America
Bolivia
86.6%
Europe
Kosovo
85.9%
South America
Venezuela
85.5%
North America
Saint Vincent and the Grenadines
85.2%
North America
Saint Lucia
84.8%
Europe
San Marino
84.5%
Europe
Liechtenstein
83.7%
Oceania
Kiribati
81.8%
Africa
Comoros
81.6%
North America
Grenada
80.2%
Europe
Moldova
79.9%
Continent
Country
% Correct
North America
Antigua and Barbuda
79.5%
Oceania
Palau
77.9%
Africa
Sao Tome and Principe
77.7%
Africa
Mauritius
76.7%
Asia
Brunei
75.6%
Europe
Montenegro
75.6%
Oceania
Tuvalu
75.3%
Oceania
Nauru
74%
Asia
Maldives
73.5%
Oceania
Vanuatu
71.4%
Africa
Cape Verde
70.3%
Asia
Bahrain
69.3%
Asia
Timor-Leste
65.7%
Asia
Kyrgyzstan
65%
Africa
Guinea-Bissau
57.6%
Quiz Playlist
Details
Report
Send in Message
Add To Playlist
More Info:
The 5 least guessed countries from each continent's countries of the ... game. The higher ones are the least guessed. As of May 2012.
Classic:
Type in answers that appear in a list
Last Updated: Feb 16, 2017
Quiz Scoreboard
CHALLENGE
Sign Up to Join the Scoreboard
Show All
Scores
Hide
Comments
May contain spoilers
Recently Published
Holiday 10x10 Sorting Gallery
by lukepisani3
Holiday
15m
Two Season TV Shows II
by 123Four
Television
10m
Image Sorting: Flags VI
by Barbecue
Geography
2m
More to Explore
Quiz From the Vault
Featured Blog Post
14 Easter Pick-up Lines to Find Eggs With
hide this ad
You Might Also Like...
Tags
Continent Quiz
Country Quiz
least
Today's Top Quizzes in Geography
Browse Geography
hide this ad
Today's Top Quizzes in Country
Browse Country
Top Contributed Quizzes in Geography
1
Colored Red Europe Blitz I
2
Countries of the World - No Outlines Minefield
3
Colored Red Africa Blitz II
4
Colored Red Europe Blitz II
5
Colored Red Europe Blitz III
6
Colored Red Africa Blitz III
7
Colored Red States Blitz I
8
A Different View: World Oceans
9
Colored Red States Blitz II
10
Colored Red States Blitz III
Explore More
Trending Topics
Harry Potter
Disney
NBA
Anime
Kpop
Marvel
Crossword
The Office
Country
Soccer
Pokémon
NFL
Puzzle
Song
WWE
hide this ad
More By:
PASSWORD1
Quiz
Plays
Rating
Category
Featured
Created
Clones from Clone Wars
1,296
3.50
Television
Jan 11, 2011
Deaths in Clone Wars
545
4.67
Television
Apr 26, 2011
Black Ops 2 Campaign Deaths
459
3.67
Gaming
Dec 12, 2012
TV Shows by the First Line of Its Theme Song
341
3.80
Television
Mar 31, 2013
Least Guessed Countries per Continent
283
4.00
Geography
May 7, 2012
Go to Creator's Profile
Score Distribution
Quiz Creator Spotlight
PASSWORD1
Follow
Send a Message
Quizzes Created
-
Created Quiz Play Count
-
More By This Creator
Popular Quizzes Today
1
Find the US States - No Outlines Minefield
2
Colored Red Africa Blitz
3
Find the 'City' Movie
4
The Countries of the World
5
Find the US States
6
5x2 Blitz: Bands
7
Find the Countries of Europe - No Outlines Minefield
8
US States
More Geography Quizzes
Nearest US Capital Road Trip
Published
Trending Quizzes
Colored Red Europe Blitz I
Colored Red Europe Blitz II
Colored Red Africa Blitz II
Colored Red Africa Blitz III
Colored Red Europe Blitz III
Recently Updated
Odd Team Out - Big 4 Players
pecheneg
Quick Pick: 20 Twenties
pecheneg
March Madness Men's Triple Doubles
pecheneg
How Do You Spell That?
pecheneg
Godzilla Movies
pecheneg
Grab Bag: 4-10 Letters
pecheneg
2024 March Madness Bracket
pecheneg
Famous TV Couples
Peacemaker
Champions League XIs: Real Madrid
pecheneg
Largest US Cities 1790-2010
pecheneg
Trending Topics
Anime
Disney
Marvel
NBA
Harry Potter
Kpop
Crossword
Pokémon
WWE
NFL
Puzzle
Country
The Office
Soccer
Song
Your Account Isn't Verified!
In order to create a playlist on Sporcle, you need to verify the email address you used during registration. Go to your
Sporcle Settings
to finish the process.
Report this User
Report this user for behavior that violates our
Community Guidelines
.
Details:
Send Report
Go to the Sporcle.com Mobile Site →
Comments